Catálogo
 En Linea

Las cenizas de Colón / (Registro nro. 10326)

Detalles MARC
000 -CABECERA
campo de control de longitud fija 00539cam a2200193 a 4500
001 - NÚMERO DE CONTROL
campo de control 000010568
003 - IDENTIFICADOR DEL NÚMERO DE CONTROL
campo de control DO-SdBNP
005 - FECHA Y HORA DE LA ÚLTIMA TRANSACCIÓN
campo de control 20250611111553.0
008 - DATOS DE LONGITUD FIJA--INFORMACIÓN GENERAL
campo de control de longitud fija 810916s1915 cu 001 0 spa
040 ## - FUENTE DE LA CATALOGACIÓN
Centro catalogador/agencia de origen DO-SdBNP
Lengua de catalogación spa
Centro/agencia transcriptor LC
Centro/agencia modificador BNPHU
049 ## - FONDOS LOCALES (OCLC)
Fondos de biblioteca BNGR
082 ## - NÚMERO DE LA CLASIFICACIÓN DECIMAL DEWEY
Número de clasificación 923.9
Número de documento/Ítem C719S
100 1# - ENTRADA PRINCIPAL--NOMBRE DE PERSONA
Nombre de persona Saiz de la Mora, Jesús.
9 (RLIN) 25637
245 14 - MENCIÓN DE TÍTULO
Título Las cenizas de Colón /
Mención de responsabilidad, etc. Jesús Saiz de la Mora.
260 ## - PUBLICACIÓN, DISTRIBUCIÓN, ETC.
Lugar de publicación, distribución, etc. Habana :
Nombre del editor, distribuidor, etc. Cuba Intelectual,
Fecha de publicación, distribución, etc. 1915.
300 ## - DESCRIPCIÓN FÍSICA
Extensión 222 p. ;
Dimensiones 18 cm.
910 ## - DATOS DE OPCIÓN DEL USUARIO (OCLC)
Datos de opción del usuario Catalogación por copia / LC
942 ## - ELEMENTOS DE PUNTO DE ACCESO ADICIONAL (KOHA)
Fuente del sistema de clasificación o colocación Dewey Decimal Classification
Tipo de ítem Koha Libro
Existencias
Estado de retiro Estado de pérdida Restricciones de uso No para préstamo Código de colección Localización permanente Ubicación/localización actual Ubicación en estantería Fecha de adquisición Número de inventario Total de préstamos Signatura topográfica completa Código de barras Fecha visto por última vez Precio válido a partir de Tipo de ítem Koha
    Préstamo interno   Monografías: Libros y Folletos General General En catalogación 07.10.2009 LF1   923.9 C719S 10568-10 25.06.2020 25.06.2020 Préstamo interno

Con tecnología Koha